000
00322nam a22001457a 4500
008
230907b ||||| |||| 00| 0 eng d
020
_a
9780830633975
041
_a
eng
080
_a
521
082
_a
521MER
100
_a
19
101
_a
GJEO
245
_a
THE SECRET LIFE OF QUANTA
_c
MERZBACHER.E
942
_2
udc
_c
BK
999
_c
60271
_d
60271